Tome One Piece par image #1 - Statistiques

Statistiques générales
  • Ce quiz a été pris 498 fois
  • Le résultat moyen est 14 sur 17
Statistiques - réponses
Par images Réponse % Correct
1
100%
29
86%
9
86%
20
82%
4
81%
84
81%
39
80%
15
78%
24
78%
42
78%
53
78%
30
77%
87
77%
54
76%
43
75%
66
75%
76
73%
Aucun quiz correspondant
Distribution des résultats
% des personnes avec chaque résultat
Percentile par nombre de réponses
Votre historique - résultats
Vous n’avez pas pris ce quiz